[Event "16th Capablanca Memorial group B"]
[Site "Cienfuegos CUB"]
[Date "1980.05.20"]
[Round "1"]
[White "Armas, Jorge"]
[Black "Vilela de Acuna, Jose Luis"]
[Result "1/2-1/2"]
[WhiteElo "2415"]
[BlackElo "2410"]
[EventDate "1980.05.20"]
[PlyCount "34"]

1.e4 e6 2.d4 d5 3.Nd2 c5 4.exd5 exd5 5.Bb5+ Nc6 6.Ne2 c4 7.O-O Bd6 8.Nf3 
Ne7 9.b3 cxb3 10.axb3 O-O 11.Bb2 Bd7 12.Ng3 f6 13.Bd3 Rc8 14.c3 Re8 15.Nh4
g6 16.Qd2 Qc7 17.f4 Qb6 1/2-1/2

[Event "16th Capablanca Memorial group B"]
[Site "Cienfuegos CUB"]
[Date "1980.05.20"]
[Round "1"]
[White "Diaz Diaz, Joaquin"]
[Black "Knaak, Rainer"]
[Result "0-1"]
[WhiteElo "2400"]
[BlackElo "2535"]
[EventDate "1980.05.20"]
[PlyCount "80"]

1.e4 e6 2.d4 d5 3.Nd2 Nf6 4.e5 Nfd7 5.Bd3 c5 6.c3 b6 7.Ne2 Ba6 8.Bxa6 Nxa6
9.O-O Nc7 10.Nf3 c4 11.Nf4 b5 12.Re1 Nb6 13.Nh5 h6 14.Bf4 Qd7 15.Bg3 O-O-O
16.Bh4 Re8 17.b3 cxb3 18.axb3 Kb7 19.Qe2 Ra8 20.Ra5 Qc6 21.Rc1 g5 22.Bg3 
Bb4 23.Ra2 Bxc3 24.b4 a5 25.bxa5 Nc8 26.Nd2 b4 27.Nb1 Nb5 28.Nxc3 Nxc3 29.
Qe3 Nb6 30.Rb2 Rxa5 31.h4 Ka8 32.Rxb4 Ne2+ 33.Qxe2 Qxc1+ 34.Kh2 Ra1 35.Kh3
Nc4 36.Qf3 Qh1+ 37.Kg4 Qd1 38.hxg5 Qxd4+ 39.Kh3 hxg5 40.Kh2 Qd1 0-1

[Event "16th Capablanca Memorial group B"]
[Site "Cienfuegos CUB"]
[Date "1980.05.20"]
[Round "1"]
[White "Estevez Morales, Guillermo"]
[Black "Nogueiras Santiago, Jesus"]
[Result "1/2-1/2"]
[WhiteElo "2390"]
[BlackElo "2455"]
[EventDate "1980.05.20"]
[PlyCount "59"]

1.e4 e5 2.Nf3 Nc6 3.Bb5 a6 4.Ba4 Nf6 5.O-O b5 6.Bb3 Bb7 7.Qe2 Bc5 8.d3 d6 
9.Be3 O-O 10.Nbd2 h6 11.c3 Re8 12.a3 Bb6 13.Bxb6 cxb6 14.Nh4 d5 15.Nf5 Ne7
16.Nxe7+ Rxe7 17.Rae1 Qc7 18.exd5 Bxd5 19.Bxd5 Nxd5 20.g3 Rd8 21.Nf3 Re6 
22.Nh4 Ne7 23.Rd1 g5 24.Ng2 f5 25.f4 gxf4 26.Nxf4 Rf6 27.Rfe1 Nc6 28.Nh5 
Rg6 29.Kh1 Qf7 30.Qf3 1/2-1/2

[Event "16th Capablanca Memorial group B"]
[Site "Cienfuegos CUB"]
[Date "1980.05.20"]
[Round "1"]
[White "Groszpeter, Attila"]
[Black "Sisniega Campbell, Marcel"]
[Result "1-0"]
[WhiteElo "2480"]
[BlackElo "2420"]
[EventDate "1980.05.20"]
[PlyCount "67"]

1.e4 e6 2.d3 c5 3.Nf3 Nc6 4.g3 g6 5.Bg2 Bg7 6.O-O Nge7 7.Re1 O-O 8.e5 d6 
9.exd6 Qxd6 10.Nbd2 b6 11.Nc4 Qd8 12.Nfe5 Bb7 13.Bg5 f6 14.Qg4 fxg5 15.
Nxc6 Nxc6 16.Bxc6 Bxc6 17.Qxe6+ Kh8 18.Qxc6 Rc8 19.Qe6 Bd4 20.Re2 Rf6 21.
Qe4 b5 22.Ne3 Qd7 23.Qg4 Qc6 24.c3 Bxe3 25.Rxe3 Rcf8 26.Rf1 Rf5 27.Qe4 Qf6
28.Qe7 Rxf2 29.Qxf8+ Qxf8 30.Rxf2 Qd8 31.Rf7 a5 32.Ree7 Kg8 33.Rg7+ Kf8 
34.Ref7+ 1-0

[Event "16th Capablanca Memorial group B"]
[Site "Cienfuegos CUB"]
[Date "1980.05.20"]
[Round "1"]
[White "Radulov, Ivan"]
[Black "Ftacnik, Lubomir"]
[Result "1/2-1/2"]
[WhiteElo "2465"]
[BlackElo "2470"]
[EventDate "1980.05.20"]
[PlyCount "38"]

1.Nf3 Nf6 2.g3 d5 3.Bg2 Bf5 4.O-O c6 5.d3 h6 6.Nbd2 e6 7.Qe1 Be7 8.e4 Bh7 
9.Qe2 O-O 10.Ne5 Nbd7 11.Nxd7 Nxd7 12.f4 Qb6+ 13.Kh1 Rae8 14.Nb3 a5 15.Be3
Qa6 16.Qf2 a4 17.Nc5 Nxc5 18.Bxc5 Qb5 19.Bxe7 Rxe7 1/2-1/2

[Event "16th Capablanca Memorial group B"]
[Site "Cienfuegos CUB"]
[Date "1980.05.20"]
[Round "1"]
[White "Remon Gay, Adelquis"]
[Black "Andres Mendez, Miguel"]
[Result "0-1"]
[WhiteElo "2395"]
[BlackElo "2345"]
[EventDate "1980.05.20"]
[PlyCount "73"]

1.d4 Nf6 2.c4 c5 3.d5 g6 4.Nc3 Bg7 5.e4 d6 6.Bd3 O-O 7.f4 e6 8.dxe6 Bxe6 
9.Nf3 Nc6 10.f5 Bd7 11.O-O Nd4 12.Bg5 Bc6 13.Qd2 Qb6 14.Rab1 Rae8 15.Qf4 
Nxe4 16.f6 Nxf3+ 17.Rxf3 Nxg5 18.Qxg5 Re5 19.Qh4 Qd8 20.Rf4 Rh5 21.Qf2 Bh6
22.Rf1 Re8 23.Rf3 Bxf3 24.Qxf3 Re3 25.Qd1 Qe8 26.Be2 Rhe5 27.Kf2 Qe6 28.
Bf3 Qxc4 29.Kg1 Rd3 30.Qb1 d5 31.Be2 Qd4+ 32.Kh1 Rd2 33.Bf3 a6 34.Qc1 Rf2 
35.Qd1 Rxf1+ 36.Qxf1 Qd2 37.Ne2 0-1

[Event "16th Capablanca Memorial group B"]
[Site "Cienfuegos CUB"]
[Date "1980.05.20"]
[Round "1"]
[White "Zapata Ramirez, Alonso"]
[Black "Ortega, Lexy"]
[Result "1/2-1/2"]
[WhiteElo "2410"]
[BlackElo "2380"]
[EventDate "1980.05.20"]
[PlyCount "83"]

1.e4 c5 2.Nf3 d6 3.d4 cxd4 4.Nxd4 Nf6 5.Nc3 a6 6.Bg5 e6 7.f4 Be7 8.Qf3 h6 
9.Bh4 Nbd7 10.O-O-O Qc7 11.Bd3 g5 12.fxg5 Ne5 13.Qe2 Nfg4 14.Nf3 Nxf3 15.
gxf3 hxg5 16.fxg4 Rxh4 17.Rdf1 Bd7 18.Rf2 Qc5 19.Rhf1 f6 20.e5 Qxe5 21.
Bg6+ Kf8 22.Qd3 Rc8 23.Re2 Rxc3 24.Qxc3 Qxc3 25.bxc3 Rxg4 26.Rfe1 d5 27.
Rxe6 Bxe6 28.Rxe6 Rg2 29.h3 Rg3 30.Bf5 Rxc3 31.Rb6 Rc7 32.Kd2 Kg7 33.Kd3 
Bc5 34.Re6 Kf7 35.Re2 Re7 36.Rxe7+ Kxe7 37.Bc8 b5 38.Bxa6 b4 39.Ke2 f5 40.
Kf3 Kf6 41.Bc8 Ke5 42.Bd7 1/2-1/2

[Event "16th Capablanca Memorial group B"]
[Site "Cienfuegos CUB"]
[Date "1980.05.20"]
[Round "2"]
[White "Knaak, Rainer"]
[Black "Radulov, Ivan"]
[Result "1/2-1/2"]
[WhiteElo "2535"]
[BlackElo "2465"]
[EventDate "1980.05.20"]
[PlyCount "24"]

1.d4 d5 2.c4 dxc4 3.Nf3 Nf6 4.Nc3 e6 5.e4 c5 6.d5 exd5 7.e5 Nfd7 8.Qxd5 
Nb6 9.Qxd8+ Kxd8 10.Bg5+ Be7 11.O-O-O+ Bd7 12.Nb5 Nc6 1/2-1/2

[Event "16th Capablanca Memorial group B"]
[Site "Cienfuegos CUB"]
[Date "1980.05.21"]
[Round "2"]
[White "Andres Mendez, Miguel"]
[Black "Groszpeter, Attila"]
[Result "1/2-1/2"]
[WhiteElo "2345"]
[BlackElo "2480"]
[EventDate "1980.05.20"]
[PlyCount "29"]

1.e4 c5 2.Nf3 d6 3.d4 cxd4 4.Qxd4 Nc6 5.Bb5 Bd7 6.Bxc6 Bxc6 7.Nc3 Nf6 8.
Bg5 e6 9.O-O-O Be7 10.Rhe1 O-O 11.e5 dxe5 12.Qh4 Qc7 13.Nxe5 Rfd8 14.Ng4 
Rxd1+ 15.Rxd1 1/2-1/2

[Event "16th Capablanca Memorial group B"]
[Site "Cienfuegos CUB"]
[Date "1980.05.21"]
[Round "2"]
[White "Ftacnik, Lubomir"]
[Black "Armas, Jorge"]
[Result "1/2-1/2"]
[WhiteElo "2470"]
[BlackElo "2415"]
[EventDate "1980.05.20"]
[PlyCount "114"]

1.c4 e6 2.Nf3 d5 3.d4 c6 4.Nbd2 Nf6 5.g3 Nbd7 6.Bg2 Bd6 7.O-O O-O 8.Qc2 
Re8 9.Rd1 Qe7 10.b3 e5 11.cxd5 Nxd5 12.Nc4 e4 13.Nh4 N7f6 14.f4 Nb4 15.Qd2
Nfd5 16.a3 Na6 17.e3 Bc7 18.Bb2 Bg4 19.Re1 Rad8 20.Qf2 Bc8 21.Nd2 f5 22.g4
g6 23.gxf5 gxf5 24.Bh3 Rf8 25.Kh1 Rf7 26.Rg1+ Kh8 27.Nc4 Be6 28.Rg5 Rg8 
29.Rag1 Rxg5 30.Rxg5 Qf8 31.Rh5 Kg8 32.Rg5+ Kh8 33.Qe2 Rg7 34.Rxg7 Kxg7 
35.Qh5 Qf7 36.Qg5+ Kf8 37.Nxf5 Qg6 38.Bg4 Qxg5 39.fxg5 b5 40.Ne5 Bxe5 41.
dxe5 Nc5 42.Nh6 Bxg4 43.Nxg4 Nxb3 44.Nf6 Nxf6 45.exf6 Nd2 46.h4 Nf3 47.Kg2
Nxh4+ 48.Kg3 Nf3 49.Kf4 Kf7 50.Kxe4 Nxg5+ 51.Ke5 c5 52.Bc3 c4 53.Kf5 Ne6 
54.e4 a6 55.e5 Nc5 56.Bb4 Ne6 57.Bc3 h6 1/2-1/2

[Event "16th Capablanca Memorial group B"]
[Site "Cienfuegos CUB"]
[Date "1980.05.21"]
[Round "2"]
[White "Nogueiras Santiago, Jesus"]
[Black "Remon Gay, Adelquis"]
[Result "1/2-1/2"]
[WhiteElo "2455"]
[BlackElo "2395"]
[EventDate "1980.05.20"]
[PlyCount "82"]

1.d4 e6 2.c4 Nf6 3.Nc3 Bb4 4.e3 c5 5.Ne2 cxd4 6.exd4 O-O 7.a3 Be7 8.d5 
exd5 9.cxd5 d6 10.Nd4 Nbd7 11.Be2 Nb6 12.Qb3 Nfd7 13.O-O Bf6 14.Be3 Re8 
15.a4 Ne5 16.a5 Nbd7 17.Qa3 Be7 18.Rfc1 Nf6 19.Ndb5 Bg4 20.f3 Bd7 21.Bxa7 
Bxb5 22.Nxb5 Qd7 23.Bb6 Rec8 24.Qb3 Bd8 25.Nd4 Bxb6 26.axb6 Rxa1 27.Rxa1 
Qd8 28.Bf1 Ned7 29.Nc6 bxc6 30.b7 Rc7 31.Ra8 Nb8 32.Qa4 cxd5 33.Qa7 Nfd7 
34.g3 Qe8 35.Bb5 Qe1+ 36.Bf1 Qe8 37.Bb5 Rc1+ 38.Kg2 Rc2+ 39.Kh1 Rc1+ 40.
Kg2 Rc2+ 41.Kh1 Qe1+ 1/2-1/2

[Event "16th Capablanca Memorial group B"]
[Site "Cienfuegos CUB"]
[Date "1980.05.21"]
[Round "2"]
[White "Ortega, Lexy"]
[Black "Sisniega Campbell, Marcel"]
[Result "0-1"]
[WhiteElo "2380"]
[BlackElo "2420"]
[EventDate "1980.05.20"]
[PlyCount "52"]

1.c4 Nf6 2.Nc3 e6 3.e4 c5 4.e5 Ng8 5.Nf3 Nc6 6.d4 cxd4 7.Nxd4 Nxe5 8.Ndb5 
a6 9.Bf4 axb5 10.Bxe5 bxc4 11.Bxc4 f6 12.Bg3 d6 13.Bb5+ Kf7 14.O-O Ne7 15.
Qf3 d5 16.Rac1 e5 17.Nxd5 Bg4 18.Qb3 Be6 19.Rfd1 Nxd5 20.Bc4 Qb6 21.Qf3 
Ne7 22.Bxe5 Bxc4 23.Rd6 Bd5 24.Qf4 Ng6 25.Qf5 Bxd6 26.Qd7+ Be7 0-1

[Event "16th Capablanca Memorial group B"]
[Site "Cienfuegos CUB"]
[Date "1980.05.21"]
[Round "2"]
[White "Vilela de Acuna, Jose Luis"]
[Black "Estevez Morales, Guillermo"]
[Result "1-0"]
[WhiteElo "2410"]
[BlackElo "2390"]
[EventDate "1980.05.20"]
[PlyCount "114"]

1.c4 c5 2.Nf3 g6 3.d4 Bg7 4.e4 d6 5.Nc3 cxd4 6.Nxd4 Nc6 7.Be3 Nh6 8.Be2 
O-O 9.O-O f5 10.exf5 Nxd4 11.Bxd4 Bxd4 12.Qxd4 Nxf5 13.Qd2 Bd7 14.Bg4 Bc6 
15.Rad1 Qa5 16.Nd5 Qxd2 17.Rxd2 Bxd5 18.Rxd5 Rac8 19.b3 b6 20.Re1 Rc7 21.
g3 Rf7 22.h4 Ng7 23.Kg2 Kf8 24.a4 Rc5 25.a5 Rxa5 26.Rxa5 bxa5 27.Ra1 e6 
28.Rxa5 h5 29.Bf3 Rc7 30.Be4 Nf5 31.Ra6 Ke7 32.Kf1 Rd7 33.Ke2 Kf6 34.Kd3 
Ne7 35.Ra5 d5 36.cxd5 exd5 37.Ra6+ Kf7 38.Bg2 Rb7 39.Kc3 Rc7+ 40.Kd3 Rb7 
41.Kc3 Rc7+ 42.Kb2 Rd7 43.Bf1 Ng8 44.Bd3 Nf6 45.b4 Ne4 46.Bxe4 dxe4 47.Kc3
Rd3+ 48.Kc4 Rd2 49.Rxa7+ Ke6 50.Ra6+ Kf7 51.Ra3 Rxf2 52.Re3 Rc2+ 53.Kd5 
Rg2 54.Rb3 Re2 55.b5 e3 56.Kd4 Rg2 57.Rxe3 Rb2 1-0

[Event "16th Capablanca Memorial group B"]
[Site "Cienfuegos CUB"]
[Date "1980.05.21"]
[Round "2"]
[White "Zapata Ramirez, Alonso"]
[Black "Diaz Diaz, Joaquin"]
[Result "1-0"]
[WhiteElo "2410"]
[BlackElo "2400"]
[EventDate "1980.05.20"]
[PlyCount "111"]

1.e4 e6 2.d4 d5 3.Nd2 Nf6 4.Bd3 c5 5.e5 Nfd7 6.c3 b6 7.Ne2 Ba6 8.Bxa6 Nxa6
9.O-O Nc7 10.Nf4 b5 11.Nf3 c4 12.Nh5 h6 13.a4 b4 14.cxb4 g6 15.Nf6+ Nxf6 
16.exf6 Bxb4 17.Bf4 Bd6 18.Bxd6 Qxd6 19.b3 Qd8 20.Qc1 Qxf6 21.bxc4 dxc4 
22.Qxc4 Qd8 23.Qc5 Nd5 24.Rab1 Rc8 25.Qxa7 O-O 26.Ra1 Ra8 27.Qc5 Ra5 28.
Qc2 Qa8 29.Ra3 Rc8 30.Qd2 Kg7 31.Rfa1 Rc4 32.Ne5 Rc7 33.Nd3 Rc4 34.Nc5 e5 
35.Qe2 Nf4 36.Qxe5+ Kg8 37.Qxf4 Raxc5 38.Qxh6 Rh5 39.Qf4 Rd5 40.Rb3 Qc6 
41.Rd3 Rxa4 42.Rxa4 Qxa4 43.f3 Rb5 44.Rd2 Qc4 45.Kf2 Rb1 46.Qe4 Qf1+ 47.
Kg3 Re1 48.Qd3 Qg1 49.Rf2 Rd1 50.Qe4 Re1 51.Qf4 Rd1 52.Qb8+ Kh7 53.Qe8 
Rxd4 54.Qxf7+ Kh6 55.Qf8+ Kh7 56.Qf7+ 1-0

[Event "16th Capablanca Memorial group B"]
[Site "Cienfuegos CUB"]
[Date "1980.05.22"]
[Round "3"]
[White "Diaz Diaz, Joaquin"]
[Black "Ortega, Lexy"]
[Result "1-0"]
[WhiteElo "2400"]
[BlackElo "2380"]
[EventDate "1980.05.20"]
[PlyCount "53"]

1.e4 c5 2.Nf3 d6 3.d4 cxd4 4.Nxd4 Nf6 5.Nc3 a6 6.f4 g6 7.Nf3 Bg7 8.e5 dxe5
9.Qxd8+ Kxd8 10.Nxe5 Be6 11.Be3 Nbd7 12.O-O-O Kc7 13.Bd4 Bh6 14.g3 Rhd8 
15.Bg2 g5 16.f5 g4+ 17.Kb1 Bxf5 18.Nxf7 Bg7 19.Nxd8 Rxd8 20.Rhe1 e6 21.Ne4
e5 22.Bc3 Bg6 23.Nd6 b6 24.Nc4 e4 25.Ne5 Nd5 26.Rxd5 Nxe5 27.Bxe5+ 1-0

[Event "16th Capablanca Memorial group B"]
[Site "Cienfuegos CUB"]
[Date "1980.05.22"]
[Round "3"]
[White "Estevez Morales, Guillermo"]
[Black "Ftacnik, Lubomir"]
[Result "0-1"]
[WhiteElo "2390"]
[BlackElo "2470"]
[EventDate "1980.05.20"]
[PlyCount "74"]

1.e4 c5 2.Nf3 d6 3.d4 cxd4 4.Nxd4 Nf6 5.Nc3 a6 6.f4 Qc7 7.Be2 e5 8.Nb3 Be7
9.O-O O-O 10.a4 Be6 11.f5 Bc4 12.a5 Nbd7 13.Kh1 Rfc8 14.Be3 Bxe2 15.Qxe2 
d5 16.exd5 Bb4 17.Na2 Nxd5 18.Nxb4 Nxb4 19.f6 Qc4 20.Qxc4 Rxc4 21.Ra4 Nxc2
22.Rxc4 Nxe3 23.Rc7 Nxf1 24.Rxd7 gxf6 25.Nc5 Rc8 26.b4 Ne3 27.g4 Nxg4 28.
Rxb7 Ne3 29.Kg1 f5 30.Nd7 e4 31.Rb8 Rxb8 32.Nxb8 Nc2 33.b5 e3 34.Kf1 f4 
35.Ke2 Nd4+ 36.Kd3 e2 37.Kd2 f3 0-1

[Event "16th Capablanca Memorial group B"]
[Site "Cienfuegos CUB"]
[Date "1980.05.22"]
[Round "3"]
[White "Groszpeter, Attila"]
[Black "Nogueiras Santiago, Jesus"]
[Result "1-0"]
[WhiteElo "2480"]
[BlackElo "2455"]
[EventDate "1980.05.20"]
[PlyCount "67"]

1.e4 d6 2.d4 Nf6 3.Nc3 g6 4.Nf3 Bg7 5.Be2 O-O 6.O-O Nc6 7.d5 Nb4 8.Re1 e6 
9.a3 Na6 10.dxe6 Bxe6 11.Nd4 Bd7 12.Bg5 h6 13.Bh4 Nc5 14.Bc4 Re8 15.f3 Na4
16.Nxa4 Bxa4 17.Qd3 Qd7 18.Bxf6 Bxf6 19.e5 Bg7 20.e6 Bxd4+ 21.Qxd4 fxe6 
22.Qg4 d5 23.Rad1 Bc6 24.Bd3 g5 25.Re5 Qg7 26.Rde1 Re7 27.h4 gxh4 28.Qxh4 
Rae8 29.Rh5 e5 30.Rxh6 e4 31.fxe4 Qd4+ 32.Kh1 dxe4 33.Rf1 Rf7 34.Bc4 1-0

[Event "16th Capablanca Memorial group B"]
[Site "Cienfuegos CUB"]
[Date "1980.05.22"]
[Round "3"]
[White "Radulov, Ivan"]
[Black "Zapata Ramirez, Alonso"]
[Result "1/2-1/2"]
[WhiteElo "2465"]
[BlackElo "2410"]
[EventDate "1980.05.20"]
[PlyCount "120"]

1.e4 c5 2.Nf3 e6 3.d4 cxd4 4.Nxd4 Nc6 5.Nb5 d6 6.c4 Nf6 7.N1c3 a6 8.Na3 
Be7 9.Be2 O-O 10.O-O b6 11.Be3 Bb7 12.Qb3 Nd7 13.Rac1 Ra7 14.Rfd1 Ba8 15.
Qc2 Qb8 16.Qd2 Rd8 17.Nc2 Rc7 18.f3 Nf6 19.Qe1 Ne5 20.b3 Rdc8 21.Nd4 Bf8 
22.Kh1 Nc6 23.Nc2 Ne5 24.Nb4 Qb7 25.Nd3 Nfd7 26.Nf2 Qb8 27.f4 Ng6 28.Nd3 
Nc5 29.Nxc5 dxc5 30.Rd2 Re8 31.Rcd1 Rcc8 32.Qf2 Rcd8 33.Bd3 Bc6 34.e5 Be7 
35.Be4 Qa8 36.Qf3 Bxe4 37.Qxe4 Qxe4 38.Nxe4 Rxd2 39.Rxd2 Rd8 40.Kg1 Rxd2 
41.Bxd2 Kf8 42.Kf2 Ke8 43.g4 Kd7 44.Kf3 f5 45.exf6 Bxf6 46.Bc3 Bxc3 47.
Nxc3 Ne7 48.h4 Nc8 49.h5 h6 50.Ne4 Ne7 51.Nf2 Kd6 52.Nd3 Nc6 53.Ke4 b5 54.
Nb2 Nd4 55.cxb5 axb5 56.a4 b4 57.Nc4+ Kd7 58.Nd2 Nc6 59.Kd3 Na5 60.Kc2 Kd6
1/2-1/2

[Event "16th Capablanca Memorial group B"]
[Site "Cienfuegos CUB"]
[Date "1980.05.22"]
[Round "3"]
[White "Remon Gay, Adelquis"]
[Black "Vilela de Acuna, Jose Luis"]
[Result "1/2-1/2"]
[WhiteElo "2395"]
[BlackElo "2410"]
[EventDate "1980.05.20"]
[PlyCount "74"]

1.d4 d5 2.c4 e6 3.Nc3 c6 4.cxd5 exd5 5.Bf4 Nf6 6.e3 Bf5 7.Nf3 Be7 8.Be2 
O-O 9.O-O Nbd7 10.a3 Ne4 11.Nxe4 Bxe4 12.b4 a6 13.Qb3 Qb6 14.Nd2 Bf5 15.
Nb1 Nf6 16.Nc3 Ne4 17.Na4 Qd8 18.Rfd1 Bd6 19.f3 Nf6 20.Bxd6 Qxd6 21.Nc5 
Rab8 22.a4 Rfe8 23.Re1 Nd7 24.Bf1 Re7 25.Rac1 Qh6 26.Nxd7 Bxd7 27.Re2 Rbe8
28.Rce1 Bf5 29.b5 axb5 30.axb5 Qg6 31.Ra2 Qd6 32.Ra7 h6 33.Qa3 Qf6 34.bxc6
bxc6 35.Rxe7 Rxe7 36.Rc1 Re6 37.Rc3 Kh7 1/2-1/2

[Event "16th Capablanca Memorial group B"]
[Site "Cienfuegos CUB"]
[Date "1980.05.22"]
[Round "3"]
[White "Sisniega Campbell, Marcel"]
[Black "Andres Mendez, Miguel"]
[Result "1/2-1/2"]
[WhiteElo "2420"]
[BlackElo "2345"]
[EventDate "1980.05.20"]
[PlyCount "99"]

1.d4 Nf6 2.c4 c5 3.d5 g6 4.Nc3 Bg7 5.e4 d6 6.Bg5 h6 7.Bf4 O-O 8.Qd2 Kh7 9.
Bd3 e5 10.dxe6 Bxe6 11.Nf3 Nc6 12.h3 a6 13.O-O Qb6 14.Nd5 Bxd5 15.exd5 Nd4
16.Nxd4 cxd4 17.Bh2 Nd7 18.f4 Bf6 19.Rae1 Nc5 20.Kh1 Rae8 21.Bb1 d3 22.f5 
g5 23.Bxd3 Qxb2 24.Qxb2 Bxb2 25.Bc2 Be5 26.f6+ Kg8 27.Bxe5 Rxe5 28.Rxe5 
dxe5 29.Rf5 Re8 30.Kg1 b5 31.cxb5 axb5 32.Kf2 Nd7 33.Bd3 Rb8 34.Ke3 Rb6 
35.g4 Kf8 36.Be2 b4 37.Ke4 b3 38.axb3 Rxb3 39.d6 Rb2 40.Bf1 Rd2 41.Bb5 
Rd4+ 42.Ke3 Rxd6 43.Bxd7 Rxd7 44.h4 Rd4 45.hxg5 hxg5 46.Rxg5 Rf4 47.Rf5 
Rxg4 48.Rxe5 Rg6 49.Rf5 Rg4 50.Kf3 1/2-1/2

[Event "16th Capablanca Memorial group B"]
[Site "Cienfuegos CUB"]
[Date "1980.05.23"]
[Round "4"]
[White "Diaz Diaz, Joaquin"]
[Black "Radulov, Ivan"]
[Result "1-0"]
[WhiteElo "2400"]
[BlackElo "2465"]
[EventDate "1980.05.20"]
[PlyCount "109"]

1.e4 c5 2.Nf3 d6 3.d4 cxd4 4.Nxd4 Nf6 5.Nc3 Nc6 6.Bg5 e6 7.Qd2 a6 8.O-O-O 
Bd7 9.f4 b5 10.Bxf6 Qxf6 11.e5 dxe5 12.Ndxb5 Qd8 13.Nd6+ Bxd6 14.Qxd6 exf4
15.Bxa6 Rxa6 16.Nb5 Ra7 17.Nxa7 Nxa7 18.Rd2 Nc8 19.Qxf4 O-O 20.Rhd1 Nb6 
21.Qd6 Re8 22.Kb1 Nd5 23.c4 Nf6 24.g4 Qa5 25.b4 Qg5 26.b5 h5 27.b6 Qxg4 
28.Qc7 Rc8 29.Rxd7 Rxc7 30.bxc7 Qe4+ 31.Ka1 Qe5+ 32.R1d4 Qe1+ 33.Kb2 Qb4+ 
34.Kc2 Qa4+ 35.Kc1 Qa3+ 36.Kd1 Qa4+ 37.Ke1 Qb4+ 38.Kf2 Qb2+ 39.Kg3 Qc3+ 
40.Kg2 Qc2+ 41.Kf3 Qf5+ 42.Ke3 Qh3+ 43.Kd2 Qxh2+ 44.Kc3 Qg3+ 45.Kb4 Qe1+ 
46.Ka4 Nxd7 47.Rxd7 h4 48.c8=Q+ Kh7 49.Qc5 Qe2 50.Rxf7 Qxa2+ 51.Kb5 Qb3+ 
52.Kc6 Qa4+ 53.Kd6 Qd1+ 54.Kxe6 Qe2+ 55.Kd7 1-0

[Event "16th Capablanca Memorial group B"]
[Site "Cienfuegos CUB"]
[Date "1980.05.23"]
[Round "4"]
[White "Ftacnik, Lubomir"]
[Black "Remon Gay, Adelquis"]
[Result "1-0"]
[WhiteElo "2470"]
[BlackElo "2395"]
[EventDate "1980.05.20"]
[PlyCount "159"]

1.Nf3 d5 2.d4 Nf6 3.c4 e6 4.g3 c6 5.Bg2 Nbd7 6.Qc2 Bd6 7.Bf4 Qe7 8.Bxd6 
Qxd6 9.Nbd2 O-O 10.O-O b6 11.e4 Nxe4 12.Nxe4 dxe4 13.Qxe4 Bb7 14.Rfd1 Rad8
15.a3 Nf6 16.Qe5 Qe7 17.b4 Rd7 18.Qf4 Rfd8 19.Ne5 Rc7 20.b5 cxb5 21.Bxb7 
Rxb7 22.Nc6 Qe8 23.Nxd8 Qxd8 24.cxb5 Nd5 25.Qd2 h5 26.h4 Rd7 27.Rac1 Qf6 
28.Rc8+ Kh7 29.Qe2 Qf5 30.Rdc1 Kg6 31.Qc2 Qxc2 32.R1xc2 a6 33.bxa6 Ra7 34.
a4 Rxa6 35.R2c4 Ra7 36.Rb8 Kf5 37.Kf1 g6 38.Ke1 Kg4 39.Ke2 Kf5 40.Kf3 Rd7 
41.Ra8 Rb7 42.Rc1 Nc7 43.Rd8 Nd5 44.Rcc8 Ra7 45.Ra8 Rc7 46.Rdc8 Rb7 47.Rc6
Rd7 48.a5 bxa5 49.Rca6 Rb7 50.R8a7 Rb3+ 51.Kg2 f6 52.Rxa5 Rd3 53.Ra3 Rxd4 
54.Rf3+ Ke5 55.Rg7 Rg4 56.Ra3 Kf5 57.Kh2 Nb6 58.Rf3+ Ke5 59.Rb3 Nd5 60.f3 
Rc4 61.Rxg6 Rc2+ 62.Kh3 Kd4 63.Rg8 f5 64.Ra8 f4 65.Ra4+ Ke5 66.Re4+ Kf5 
67.Rb8 fxg3 68.Kxg3 Kf6 69.Rh8 Kf7 70.Rxh5 Nf6 71.Rf4 Ke7 72.Rg5 Nd5 73.
Rg7+ Kd6 74.Rd4 Rc1 75.Ra7 Rg1+ 76.Kf2 Rg6 77.Ra6+ Ke5 78.Rg4 Rf6 79.Rg5+ 
Kd4 80.Rd6 1-0

[Event "16th Capablanca Memorial group B"]
[Site "Cienfuegos CUB"]
[Date "1980.05.23"]
[Round "4"]
[White "Knaak, Rainer"]
[Black "Estevez Morales, Guillermo"]
[Result "1-0"]
[WhiteElo "2535"]
[BlackElo "2390"]
[EventDate "1980.05.20"]
[PlyCount "79"]

1.d4 Nf6 2.c4 e6 3.Nc3 Bb4 4.e3 O-O 5.Bd3 d5 6.Nf3 c5 7.O-O Nc6 8.a3 Bxc3 
9.bxc3 dxc4 10.Bxc4 Qe7 11.Ne5 Nxe5 12.dxe5 Nd7 13.f4 Nb6 14.Bd3 Bd7 15.c4
Rad8 16.Qc2 Ba4 17.Qc3 Bc6 18.Ra2 Na4 19.Qc2 g6 20.Bd2 Rd7 21.Be2 Rfd8 22.
Be1 a6 23.Ra1 b5 24.Rb1 Rb8 25.Bf3 Bxf3 26.Rxf3 Qd8 27.h4 h5 28.Rg3 Kh7 
29.Rg5 Rd3 30.Kh2 Qd7 31.e4 Nb6 32.cxb5 axb5 33.Qxc5 Nc4 34.a4 Ne3 35.axb5
Ng4+ 36.Rxg4 hxg4 37.b6 g3+ 38.Kh3 Rb7 39.Qb5 Qc8 40.Qxd3 1-0

[Event "16th Capablanca Memorial group B"]
[Site "Cienfuegos CUB"]
[Date "1980.05.23"]
[Round "4"]
[White "Nogueiras Santiago, Jesus"]
[Black "Sisniega Campbell, Marcel"]
[Result "1/2-1/2"]
[WhiteElo "2455"]
[BlackElo "2420"]
[EventDate "1980.05.20"]
[PlyCount "107"]

1.e4 c5 2.Nf3 Nc6 3.d4 cxd4 4.Nxd4 Nf6 5.Nc3 e6 6.Ndb5 d6 7.Bf4 e5 8.Bg5 
a6 9.Na3 Be6 10.Nc4 Rc8 11.Nd5 Bxd5 12.exd5 Ne7 13.Ne3 Qa5+ 14.c3 Nexd5 
15.Bxf6 Nxf6 16.Qb3 Qc7 17.Bc4 g6 18.O-O Bh6 19.Be6 Rb8 20.Nd5 Nxd5 21.
Bxd5 O-O 22.a4 b5 23.Ra2 Qc5 24.Rd1 b4 25.Qc4 a5 26.Qxc5 dxc5 27.c4 b3 28.
Ra3 Kg7 29.Rd3 Bc1 30.Raxb3 Bxb2 31.Rb7 Rxb7 32.Bxb7 Bd4 33.Rb3 Rb8 34.Rb5
f5 35.Bc6 Rxb5 36.Bxb5 Kf6 37.Kf1 e4 38.f3 e3 39.Ke2 Kg5 40.Bc6 Kh4 41.Bd5
Be5 42.Kxe3 Bxh2 43.Kf2 Bg3+ 44.Kg1 Be5 45.Bg8 h6 46.Bf7 Bd4+ 47.Kh2 Be5+ 
48.Kg1 g5 49.Be6 Bd4+ 50.Kh2 f4 51.Bd7 Bf2 52.g4 fxg3+ 53.Kg2 Be3 54.Bg4 
1/2-1/2

[Event "16th Capablanca Memorial group B"]
[Site "Cienfuegos CUB"]
[Date "1980.05.23"]
[Round "4"]
[White "Ortega, Lexy"]
[Black "Andres Mendez, Miguel"]
[Result "1-0"]
[WhiteElo "2380"]
[BlackElo "2345"]
[EventDate "1980.05.20"]
[PlyCount "83"]

1.e4 c5 2.Nf3 Nc6 3.d4 cxd4 4.Nxd4 g6 5.c4 Bg7 6.Be3 Nf6 7.Nc3 d6 8.Be2 
O-O 9.O-O Bd7 10.Rc1 Nxd4 11.Bxd4 Bc6 12.Qd3 a5 13.f4 Nd7 14.Bxg7 Kxg7 15.
Kh1 Qb6 16.Rc2 Nc5 17.Qd4+ Kg8 18.Rd2 Na4 19.Nxa4 Qxd4 20.Rxd4 Bxa4 21.c5 
Bc6 22.cxd6 exd6 23.Kg1 Rae8 24.Bd3 Kg7 25.Kf2 Re7 26.f5 f6 27.fxg6 hxg6 
28.Rxd6 Bxe4 29.Re1 f5 30.Bxe4 fxe4+ 31.Ke3 Rf5 32.Rd4 Rh5 33.h3 Rhe5 34.
Rf1 Rb5 35.Rf2 Rbe5 36.Rf4 b6 37.b3 Rc5 38.Rc4 Rxc4 39.bxc4 Rd7 40.Rxe4 
Kf6 41.Rd4 Re7+ 42.Kd3 {76 moves} 1-0

[Event "16th Capablanca Memorial group B"]
[Site "Cienfuegos CUB"]
[Date "1980.05.23"]
[Round "4"]
[White "Vilela de Acuna, Jose Luis"]
[Black "Groszpeter, Attila"]
[Result "0-1"]
[WhiteElo "2410"]
[BlackElo "2480"]
[EventDate "1980.05.20"]
[PlyCount "96"]

1.c4 e5 2.Nc3 Nf6 3.Nf3 Nc6 4.e3 d5 5.cxd5 Nxd5 6.d3 Be7 7.Be2 O-O 8.O-O 
Nxc3 9.bxc3 Bf5 10.Qc2 Re8 11.Rb1 Bc5 12.Nd2 Kh8 13.Rd1 Qe7 14.Bf3 Rad8 
15.Ne4 Bb6 16.c4 Bg6 17.c5 f5 18.Nd6 cxd6 19.cxb6 e4 20.dxe4 fxe4 21.Be2 
d5 22.bxa7 d4 23.Qb3 d3 24.Bf1 Bh5 25.Rd2 Ne5 26.h3 b5 27.Qxb5 Qxa7 28.Bb2
Rb8 29.Qd5 Qf7 30.Qxe4 Nf3+ 31.gxf3 Rxe4 32.fxe4 Bf3 33.e5 Be4 34.f4 h5 
35.Bg2 Bxg2 36.Rxg2 Qxa2 37.Ra1 Qc4 38.e6 d2 39.Bxg7+ Kh7 40.Bd4 Qc1+ 41.
Kh2 Qxa1 42.Bxa1 d1=Q 43.Bf6 Rg8 44.Bg5 Qf3 45.e7 Qxe3 46.Rg3 Qe4 47.Rg2 
Rc8 48.h4 Rc1 0-1

[Event "16th Capablanca Memorial group B"]
[Site "Cienfuegos CUB"]
[Date "1980.05.23"]
[Round "4"]
[White "Zapata Ramirez, Alonso"]
[Black "Armas, Jorge"]
[Result "1-0"]
[WhiteElo "2410"]
[BlackElo "2415"]
[EventDate "1980.05.20"]
[PlyCount "61"]

1.e4 c5 2.Nf3 d6 3.d4 cxd4 4.Nxd4 Nf6 5.Nc3 Nc6 6.f4 g6 7.Nf3 Bg7 8.Bd3 
Qb6 9.Qe2 O-O 10.Rb1 a6 11.a3 Re8 12.Be3 Qc7 13.O-O b5 14.Nd5 Nxd5 15.exd5
Nb8 16.Ng5 Nd7 17.f5 Nf6 18.Qf2 Bb7 19.fxg6 hxg6 20.Rbd1 Qd7 21.Nxf7 Kxf7 
22.Qg3 Rh8 23.Bxg6+ Kf8 24.Rf5 Qc7 25.Rdf1 Bc8 26.R5f4 Qd8 27.Bd4 Rb8 28.
Qg5 Rb7 29.Rxf6+ exf6 30.Bxf6 Rf7 31.Bxg7+ 1-0

[Event "16th Capablanca Memorial group B"]
[Site "Cienfuegos CUB"]
[Date "1980.05.26"]
[Round "5"]
[White "Andres Mendez, Miguel"]
[Black "Nogueiras Santiago, Jesus"]
[Result "1/2-1/2"]
[WhiteElo "2345"]
[BlackElo "2455"]
[EventDate "1980.05.20"]
[PlyCount "46"]

1.e4 c6 2.d4 d5 3.Nc3 dxe4 4.Nxe4 Nf6 5.Nxf6+ gxf6 6.c3 Bf5 7.Ne2 Nd7 8.
Ng3 Bg6 9.h4 h6 10.h5 Bh7 11.Bd3 Bxd3 12.Qxd3 Qc7 13.Qf3 O-O-O 14.O-O e6 
15.Bf4 Bd6 16.Bxd6 Qxd6 17.Ne4 Qd5 18.Qf4 Qxh5 19.Nd6+ Kb8 20.Nxf7+ e5 21.
dxe5 fxe5 22.Qc4 Nb6 23.Qb3 Rdg8 1/2-1/2